00754nam a2200205 a 4500001001000000003000900010005001700019007000300036008004100039040002500080082001400105111000300119245016300122260009000285300003000375490003300405650004600438700003100484830003300515000031157DO-SdBNP20220426131310.0ta110614s2008 dr r 000 0 spa d aDO-SdBNPbspacBNPHU axxxbxxxx2 10aTasas de cumplimiento y abandono al tratamiento antirretroviral en personas seropositivas al VIH en la República Dominicana /cEditado por Eddy Pérez-Then aSanto Domingo :bCentro Nacional de Investigaciones en Salud Materno Infantil,c2008. a11 p.;c27 centímetros. aPublicaciones ténicas ;v3 4aSíndrome de inmunodeficiencia adquirida 4Pérez Then, EddyeEditor nPublicaciones ténicas ;p3